| 000 | 00706nam a2200229Ia 4500 | ||
|---|---|---|---|
| 003 | OSt | ||
| 005 | 20220118162110.0 | ||
| 008 | 210716s1975 xx 000 0 und d | ||
| 020 | _a0814454038 | ||
| 040 | _cAIMIT LIBRARY | ||
| 041 | _aeng | ||
| 082 |
_a352.48 _21 _bSWEA |
||
| 100 |
_aSweeny, Allen;Wisner, John N. _913617 |
||
| 245 |
_aBudgeting fundamentals for nonfinancial executives : _cby Allen Sweeny; Wisner, John N. |
||
| 250 | _a1 | ||
| 260 |
_aNew York: _bAMACOM, _c1975. |
||
| 300 | _aviii,137P.; 21.5cm. | ||
| 600 | _2Purposes and uses of a budget | ||
| 600 | _2Manufacturing cost systems and the contribution concept | ||
| 650 |
_aFinance _913618 |
||
| 942 |
_2ddc _cBK _e1 _k352.48 sweh |
||
| 999 |
_c202455 _d202455 |
||